000 00360 a2200169 4500
001 192024
020 _a978-85-262-8529-3
040 _cMagnum
100 _aBraz, Julio Emilio
240 1 0 _aMeu primeiro amor
_lpor
245 1 0 _aMeu primeiro amor
300 _a21
362 0 _a2014
440 1 _aScipione
697 _aLITERATURA INFANTO
942 _cBK
999 _c192024
_d192024